[Event "9th LCC FIDE Open 2017"]
[Site "London"]
[Date "2017.12.07"]
[Round "7"]
[White "Bilguun, Sumiya"]
[Black "Sai Agni Jeevitesh, J."]
[Result "1/2-1/2"]
[WhiteElo "2459"]
[BlackElo "2384"]
[Annotator "TA"]
[PlyCount "91"]
[EventDate "2017.??.??"]
[EventCountry "ENG"]
[SourceTitle "playchess.com"]
[Source "ChessBase"]
[SourceQuality "1"]

{[%evp 21,91,8,17,0,0,0,18,-14,66,31,35,0,32,0,0,-8,-8,-10,0,-12,-12,-25,0,-15,0,0,0,-29,0,0,0,-31,0,0,0,-5,-8,-36,-10,-10,-10,-10,0,-10,-10,-10,-10,-10,38,50,54,41,41,-10,-9,-229,-207,-258,0,0,0,0,0,0,0,-1819,317,316,310,0,0,0]} 1. e4 d6 2. d4 Nf6 3. Nc3 Nbd7 4. Nf3 e5 5. Bc4 Be7 6. O-O O-O 7. Re1 c6 8. a4 b6 9. Bg5 a6 10. Bxf6 {C41: Philidor Defence} (10. Qe2 Qc7 11. d5 c5 12. Nd2 Qd8 13. Be3 Ne8 14. Rab1 Bg5 15. b4 Bxe3 16. Qxe3 g6 17. Bf1 f5 18. exf5 gxf5 {1-0 (36) Grischuk,A (2774)-Bocharov,D (2560) Berlin 2015}) 10... Bxf6 11. d5 c5 {LiveBook: 13 Games} 12. Qe2 g6 13. Bd3 $146 ({Predecessor:} 13. Rab1 Bg7 14. b4 f5 15. bxc5 Nxc5 {½-½ (36) Peters,J (2366)-Serpik,I (2176) Beverly Hills 2015}) 13... Bg5 14. Nb1 h5 (14... Bh6 $11) 15. Na3 Bh6 16. Rab1 Qc7 17. Nd2 Nf6 18. h3 Bd7 19. b3 Ra7 20. Nf1 {[%cal Bd2f1,Bf1h2,Bh2f3][%mdl 32]} Rfa8 21. Nh2 Kg7 22. Kh1 Kg8 23. Nf3 Kg7 24. Ng1 Nh7 25. Rbd1 Nf6 26. Rf1 Rb8 27. Bxa6 {[#]} Nxe4 $1 {[%mdl 512]} 28. Qxe4 Rxa6 29. Qd3 Ra5 30. Ne2 f5 31. Nc3 Re8 32. Ncb5 (32. Nc4 {keeps more tension.} Ra7 33. Qg3 Kf7 34. Ra1 Bf4 35. Qh4) 32... Bxb5 $1 33. Nxb5 Qe7 34. Na3 Raa8 35. Qb5 Rab8 36. Nc4 e4 37. Rfe1 ({Better is} 37. Nxb6 $14 f4 38. a5) 37... Bf4 $11 38. Nxb6 $2 (38. Re2 $11 {and White is okay.}) 38... Qh4 $19 39. Re2 e3 $2 ({Black should play} 39... Be5 $1 $19 40. Kg1 Qf4) 40. Rf1 $1 $11 exf2 41. Rexf2 (41. Rxe8 {leads to mate.} Qg3 $1 {[%mdl 512]} 42. Qd7+ Kh6 43. Qh7+ Kxh7 44. Re7+ Kh6 45. Rh7+ Kxh7 46. Nd7 Qh2#) 41... Re3 {White must now prevent ...Be5.} 42. Qd7+ Kh6 {( -> ...Qxf2!)} 43. Nc4 $2 {[%mdl 8192] [#]} (43. Rxf4 $11 Rxh3+ 44. gxh3 Qxh3+ 45. Kg1 Qg3+ 46. Kh1 Qh3+ 47. Kg1 Qg3+ 48. Kh1 Qh3+) 43... Rbe8 $4 {[%mdl 8192]} (43... Qxf2 $1 $19 {[%cal Rf2f1][%mdl 512]} 44. Nxe3 (44. Rxf2 Re1+) 44... Qxe3) 44. Nxe3 $18 ({Not} 44. Rxf4 Rxh3+ 45. gxh3 Qxh3+ 46. Kg1 Qg3+ 47. Kh1 Qh3+ 48. Kg1 Qg3+ 49. Kh1 Qh3+ $11) 44... Rxe3 {[#]} 45. Rxf4 $2 (45. Qb5 $1 $18) 45... Rxh3+ $1 $11 46. gxh3 {Precision: White = 31%, Black = 43%.} 1/2-1/2

[Event "9th LCC FIDE Open 2017"]
[Site "London"]
[Date "2017.12.07"]
[Round "7"]
[White "Williams, Simon K"]
[Black "Motylev, Alexander"]
[Result "0-1"]
[WhiteElo "2453"]
[BlackElo "2675"]
[Annotator "TA"]
[PlyCount "100"]
[EventDate "2017.??.??"]
[EventCountry "ENG"]
[SourceTitle "playchess.com"]
[Source "ChessBase"]
[SourceQuality "1"]

{[%evp 21,100,0,18,16,24,31,43,34,48,34,35,33,102,-89,43,49,102,0,95,78,79,72,33,20,29,26,70,80,77,34,125,123,113,0,206,-145,-149,-162,-152,-203,-202,-201,-201,-151,-188,-194,-186,-194,-187,-119,-137,-243,-194,-168,-43,-202,-141,-177,0,-175,-127,-195,-151,-676,-647,-554,-565,-539,-236,-918,-903,-1019,-1051,-1028,-1037,-614,-892,-1209,-1179,-29996,-29997]} 1. d4 d5 2. c4 c6 3. cxd5 cxd5 4. Nc3 Nf6 5. Bf4 Nc6 6. e3 Bg4 7. Qb3 {D10: Slav Defence: 3 cxd5 (without early Nf3) and 3 Nc3} Na5 8. Qa4+ Bd7 9. Qd1 e6 10. Nf3 Rc8 11. Bd3 Bb4 {LiveBook: 8 Games} 12. O-O Nc4 13. Bxc4 dxc4 {[#]} 14. Ne5 $146 ({Predecessor:} 14. Bg5 Be7 {½-½ (22) Dorfman,J (2574)-Matlakov,M (2694) Montpellier 2015}) 14... Bxc3 15. bxc3 Nd5 16. Qg4 Qf6 (16... Nxf4 $14 17. exf4 O-O) 17. Bg3 $2 (17. Nxd7 $16 Kxd7 18. Be5) 17... h5 (17... Nxc3 $17 {Threatens to win with ...h5.} 18. f4 Bc6) 18. Qe2 $14 h4 (18... Qe7 $14) 19. e4 ({White should try} 19. Nxd7 $16 Kxd7 20. Be5) 19... Nb6 (19... Nxc3 $11 {remains equal.} 20. Qb2 hxg3 21. fxg3 Qh6 22. Qxc3 Qxh2+ 23. Kf2 a6) 20. Nxd7 Nxd7 {[%cal Bb6d7,Bd7e5,Be5d3][%mdl 32]} 21. Bd6 e5 22. dxe5 Nxe5 23. Rad1 {Strongly threatening Qb2.} Nd3 24. e5 $1 {[%cal Re5f6]} Qf5 25. f4 Rc6 ({Better is} 25... h3 $1 $14) 26. Rb1 b6 27. Rb5 (27. h3 $16) 27... Kd7 $2 (27... Nxf4 $11 28. Qf3 Rxd6 29. exd6 Qxb5) 28. Qf3 $2 (28. Rd5 $18) 28... Rxd6 $17 29. Qb7+ Ke6 {Hoping for ...Rd7.} 30. Qxa7 (30. exd6 $17 {keeps fighting.} Qxb5 31. Qe7+ Kd5 32. Qxf7+ Kxd6 33. Qg6+ Kc5 34. Qf5+ Kc6 35. Qg6+ Kd5 36. Qf7+ Kd6 37. Qg6+ Kd5 38. Qf7+ Kd6) 30... Nxf4 $19 31. Qe7+ Kxe7 32. exd6+ Ke6 ({Worse is} 32... Kxd6 33. Rxf5 Ne2+ 34. Kf2 $16) 33. Rxf5 Kxf5 {[%mdl 4096] Endgame KRN-KR} 34. g3 g5 $1 {[%cal Bg7g5,Bg5g4][%mdl 32]} 35. gxf4 {KR-KR} g4 36. Rd1 (36. Rb1 $17 {might work better.}) 36... Rd8 37. Rd4 {[#]} Ke6 (37... b5 $1 $19 38. h3 g3) 38. Re4+ $2 (38. h3 $1 $15) 38... Kd5 39. Rd4+ Ke6 40. Re4+ Kxd6 41. Rxc4 (41. f5 $17) 41... Ke6 42. Rb4 $2 (42. f5+ $17 Kxf5 43. h3) 42... Rd1+ 43. Kf2 Rd2+ 44. Kg1 Kf5 (44... h3 $142 45. Rxb6+ Kd5) 45. a4 $2 (45. h3) 45... h3 46. Rxb6 Rg2+ 47. Kh1 Ra2 {( -> ...Ra1+)} 48. Kg1 Rxa4 49. Kf2 Rxf4+ 50. Kg3 {[#]} Kg5 $1 {Precision: White = 25%, Black = 37%.} 0-1

[Event "9th LCC FIDE Open 2017"]
[Site "London"]
[Date "2017.12.07"]
[Round "7"]
[White "Henderson de La Fuente, Lance"]
[Black "Mikhalevski, Victor"]
[Result "1/2-1/2"]
[WhiteElo "2419"]
[BlackElo "2545"]
[Annotator "TA"]
[PlyCount "53"]
[EventDate "2017.??.??"]
[EventCountry "ENG"]
[SourceTitle "playchess.com"]
[Source "ChessBase"]
[SourceQuality "1"]

{[%evp 15,53,-5,-4,-7,24,26,31,31,29,22,31,19,35,28,23,0,0,0,0,0,13,7,17,0,51,62,61,59,58,31,60,60,67,29,33,0,58,45,76,0]} 1. e4 e5 2. Nf3 Nc6 3. Bb5 a6 4. Ba4 g6 5. d4 exd4 6. Bg5 {C70: Ruy Lopez: 3...a6 4 Ba4, Norwegian and Delayed Schliemann} Be7 7. Bxe7 Ngxe7 8. Nxd4 (8. Bxc6 Nxc6 9. Nxd4 Qf6 10. c3 O-O 11. O-O b6 12. Qf3 Qxf3 13. Nxf3 Re8 {½-½ (44) Xiong,J (2618)-Caruana,F (2795) Saint Louis 2016}) 8... b5 {LiveBook: 3 Games} 9. Nxc6 Nxc6 10. Bb3 O-O 11. O-O Na5 12. Nc3 Bb7 13. Qd2 d6 {[#]} 14. Rfe1 $146 Re8 15. Rad1 Nxb3 16. axb3 Qf6 17. b4 Re6 18. f3 Rae8 19. Qf2 {next Qa7 is good for White.} Qe7 (19... d5 $11) 20. Ne2 $14 Qd7 21. Nf4 $36 {[%mdl 2048] White has some pressure.} R6e7 22. Qh4 Qd8 {[%cal Re7e4]} 23. Qg3 Rd7 24. Qh3 Rde7 25. Qg3 Rd7 $1 26. Qf2 Qg5 27. Qg3 {Precision: White = 46%, Black = 59%.} (27. g3 $16) 1/2-1/2

[Event "9th LCC FIDE Open 2017"]
[Site "London"]
[Date "2017.12.07"]
[Round "7"]
[White "Arkell, Keith C"]
[Black "Fernandez, Daniel Howard"]
[Result "1/2-1/2"]
[WhiteElo "2416"]
[BlackElo "2500"]
[Annotator "TA"]
[PlyCount "55"]
[EventDate "2017.??.??"]
[EventCountry "ENG"]
[SourceTitle "playchess.com"]
[Source "ChessBase"]
[SourceQuality "1"]

{[%evp 15,55,21,46,0,10,9,41,24,18,17,12,0,0,0,0,0,0,0,0,0,34,23,24,25,71,55,77,77,76,63,68,77,82,0,22,0,37,8,62,0,0,0]} 1. d4 e6 2. Nf3 Nf6 3. c4 Bb4+ 4. Bd2 c5 5. Bxb4 cxb4 6. a3 bxa3 7. Rxa3 O-O 8. Nc3 b6 {LiveBook: 3 Partien. E11: Damenindisch (Bogoljubow-Variante)} 9. g3 Bb7 10. Bg2 Ne4 $146 ({Vorgänger:} 10... d6 11. O-O a5 12. Re1 Qc7 13. Nb5 Qe7 14. Qb1 Na6 15. e4 Rab8 16. Rae3 Nd7 17. b3 e5 18. Nc3 f6 19. Bh3 {1-0 (31) Yermolinsky,A (2519)-Kavutskiy,K (2332) Las Vegas 2014}) 11. Nxe4 Bxe4 12. O-O Nc6 13. Qd2 a5 14. Rd1 {[%cal Bf1d1,Bd1a1,Ba1a5][%mdl 32]} Nb4 15. Ne5 Bxg2 16. Kxg2 Rc8 17. Rc3 b5 18. cxb5 {Droht Tdc1 und aus.} Rb8 19. Ra1 Rxb5 {[#]} 20. Rc5 $1 {[%cal Rc5b5]} Qb8 {Droht stark ...Txc5.} 21. Rxa5 Rxc5 22. dxc5 Qxe5 23. Qxb4 Qxe2 $16 {KDT-KDT} 24. Qb7 (24. Ra7 $16) 24... h5 25. Ra8 Rxa8 26. Qxa8+ Kh7 27. Qb7 (27. Qf3 $1 $14 Qxf3+ 28. Kxf3) 27... h4 $11 28. gxh4 {Precision: Weiß = 50%, Schwarz = 55%.} 1/2-1/2

[Event "9th LCC FIDE Open 2017"]
[Site "London"]
[Date "2017.12.07"]
[Round "7"]
[White "Munguntuul, Batkhuyag"]
[Black "Bellaiche, Anthony"]
[Result "1-0"]
[WhiteElo "2397"]
[BlackElo "2499"]
[Annotator "TA"]
[PlyCount "103"]
[EventDate "2017.??.??"]
[EventCountry "ENG"]
[SourceTitle "playchess.com"]
[Source "ChessBase"]
[SourceQuality "1"]

{[%evp 36,103,40,25,37,33,66,61,76,8,8,0,0,-30,0,-155,-94,-78,-74,-77,-84,-107,-107,-94,-96,-98,-97,-77,-80,-102,28,28,28,27,24,17,17,18,22,19,53,53,53,53,53,53,53,53,89,89,162,162,172,172,889,889,983,960,960,89,158,158,180,180,29977,481,766,607,29995,29996]} 1. e4 c5 2. Nf3 e6 3. d4 cxd4 4. Nxd4 Nc6 5. Nc3 Qc7 6. Be3 a6 7. Be2 Nf6 8. O-O d6 9. f4 Be7 10. Kh1 O-O 11. Qe1 Nxd4 12. Bxd4 b5 {[%cal Bb7b5,Bb5b4][%mdl 32]} 13. a3 Bb7 14. Qg3 Rad8 15. Bd3 {B85: Sicilian Scheveningen: 6 Be2 a6, lines with early Be3} (15. Rae1 Bc6 16. Bd3 Qd7 17. Rf3 e5 18. fxe5 Nh5 19. Qh3 Qxh3 20. Rxh3 Nf4 21. Rf3 Nxd3 22. cxd3 dxe5 23. Bxe5 b4 24. axb4 Bxb4 {0-1 (68) Hou,Y (2666)-Giri,A (2775) Geneve 2017}) 15... Rd7 16. Rae1 Re8 17. a4 b4 18. Na2 Qa5 19. b3 {LiveBook: 5 Games} (19. Nc1 {seems wilder.} Qxa4 20. Nb3 g6 21. Qh3 Rdd8 22. f5) 19... Bd8 20. Qf2 d5 $146 {[%cal Rd5e4]} ({Predecessor:} 20... e5 21. fxe5 dxe5 22. Bc5 Qc7 23. Bxb4 {1-0 (30) Lagno,K (2541)-Havlikova,K (2272) Heraklio 2017}) 21. Bxf6 $1 gxf6 22. f5 ({Better is} 22. exd5 $16 Rxd5 23. Be4 (23. Qg3+ Kh8 $11)) 22... e5 $1 $11 23. Qh4 Kh8 24. exd5 Qxd5 {[%csl Gb7][%cal Rd5g2]} 25. Re4 $2 {[#]} (25. Be4 $11 Qd4 26. Nc1) 25... a5 (25... Rg8 $142 $1 26. Nxb4 Qc5) 26. Nc1 $17 Rg8 27. Ne2 Qc5 {Strongly threatening ...Rxd3.} 28. Rg4 Rxg4 29. Qxg4 Qe3 30. Ng3 Rd4 31. Qh5 Bd5 32. Ne2 e4 (32... Rxd3 $17 33. cxd3 Qxd3) 33. Bb5 $11 Rd2 34. Nf4 Kg7 35. Nxd5 Rxd5 36. Be8 Qa7 $1 37. Bc6 Rd4 38. Qg4+ Kf8 39. Bxe4 Qe7 40. Re1 Qe5 41. Qf3 Bc7 {[%csl Gc7][%cal Re5h2]} 42. g3 h5 {[#]} (42... Rd2 $16 {might work better.}) 43. Re2 $1 $18 Rd1+ 44. Kg2 h4 $2 (44... Qc3 45. Bd3 Rd2 46. Qxh5 Rxe2+ 47. Qxe2 Qc6+ 48. Kh3 Be5) 45. Bc6 Qd4 46. Re8+ Kg7 47. Re4 $2 (47. Kh3 $18 {and White stays clearly on top. Threatening mate with Qh5.} Qd2 48. Qh5) 47... Qg1+ ({Black should play} 47... Qd2+ 48. Kh3 hxg3 49. Qg4+ (49. hxg3 Rg1 $14) 49... Kh7 50. Qh4+ Qh6 51. hxg3 Rg1) 48. Kh3 $16 Rd8 49. Rxh4 $40 {[%mdl 128] aiming for Qg4+. White wants a kill.} ({But not} 49. Qg4+ $6 Kf8 $14) 49... Be5 $2 (49... Rd4 $18) 50. Bd5 (50. Qg4+ $142 Kf8 51. Rh7 Qf1+ 52. Bg2 Qxg2+ 53. Kxg2 Ke7 54. Qc4 Rf8 55. Qe6+ Kd8 56. Qd5+ Ke7 57. Qxa5) 50... Rd7 (50... Qc1 $142 51. Rg4+ Kf8) 51. Bc4 {Qa8 would kill now.} Rd2 {[#]} 52. Rh7+ $1 {[%mdl 512] Precision: White = 62%, Black = 40%.} 1-0

[Event "9th LCC FIDE Open 2017"]
[Site "London"]
[Date "2017.12.07"]
[Round "7"]
[White "Akash Pc, Iyer"]
[Black "Jones, Gawain C B"]
[Result "1/2-1/2"]
[WhiteElo "2390"]
[BlackElo "2654"]
[Annotator "TA"]
[PlyCount "116"]
[EventDate "2017.??.??"]
[EventCountry "ENG"]
[SourceTitle "playchess.com"]
[Source "ChessBase"]
[SourceQuality "1"]

{[%evp 17,116,0,6,-39,4,-26,-31,-48,-43,-49,-21,-39,-51,-42,-23,-38,-33,-30,-7,-6,14,8,113,93,170,170,166,112,109,89,125,61,58,60,145,60,62,54,148,132,232,239,329,315,296,129,165,159,200,190,192,152,147,152,79,0,163,75,357,290,286,0,4,0,0,0,0,0,0,0,0,0,24,0,0,0,0,0,0,0,0,0,0,0,0,0,8,8,8,0,0,0,0,0,8,8,8,0,0,0,0]} 1. d4 Nf6 2. c4 g6 3. f3 c5 4. d5 e6 5. e4 d6 6. Ne2 {E60: Königsindisch (ohne Sc3)} Bg7 7. Nec3 exd5 8. cxd5 Nh5 9. Be3 f5 $1 {LiveBook: 4 Partien} 10. Bb5+ (10. exf5 {feels hotter.} gxf5 11. Be2 O-O 12. Qd2 a6 13. a4) 10... Bd7 $146 (10... Nd7 {with more complications.} 11. a4 O-O 12. O-O fxe4 13. Nxe4 Bxb2 14. Nbd2 Nb6) ({Vorgänger:} 10... Nd7 11. exf5 gxf5 {½-½ (45) Bogdanovich,S (2581)-Nepomniachtchi,I (2714) Moscow 2015}) 11. Bxd7+ (11. a4 {is interesting.} Bxb5 12. axb5 Nd7 13. O-O O-O 14. Nd2) 11... Nxd7 12. O-O O-O 13. Nd2 Qe7 14. Qe2 a6 15. a4 Bd4 16. Nc4 Ne5 17. Nxe5 dxe5 18. Rae1 Qg5 19. Qd2 $1 {[%cal Rd2d4] zielt auf Dxd4 ab.} Nf4 (19... Qd8 $11) 20. g3 $16 Nh3+ (20... Bxe3+ $16 {war angesagt.} 21. Rxe3 (21. Qxe3 Nh3+ 22. Kg2 f4 $14) 21... Rad8) 21. Kg2 $18 Bxe3 22. Qxe3 (22. Rxe3 $18 f4 23. Re2) 22... f4 $16 23. Qd2 Qh5 {Weiss sollte ...fxg3 verhindern.} 24. Ne2 (24. g4 $1 $16 {[%cal Rg4h5]} Qh4 25. Kh1) 24... fxg3 25. hxg3 Rf6 (25... Rf7 $14) 26. Qe3 (26. d6 $1 $16) 26... Raf8 $14 27. Rd1 $1 Qg5 ({Günstiger ist} 27... Ng5 $14 28. Ng1 b6) 28. Qxc5 $16 b6 (28... Nf4+ $16 29. Nxf4 exf4) 29. Qc3 $18 Nf4+ 30. Nxf4 exf4 31. Qe1 (31. g4 $1 $18 {ist der präzise Gewinnweg.}) 31... Rc8 32. Qf2 Rff8 33. d6 ({Jedoch nicht} 33. g4 h5) 33... fxg3 34. Qd2 (34. Qxb6 Rc2+ 35. Kg1 Rh2 $19) 34... Qh4 {[%csl Gg3][%cal Rh4h2]} 35. Rh1 $1 Qf6 36. Rhf1 (36. f4 $1 $16) 36... Rc5 $2 {[#]} (36... Qh4 $1 $11 37. Rh1 Qf6) 37. d7 (37. f4 $1 $18 {ist viel giftiger.}) 37... Qd8 $2 {[%mdl 8192]} ({Falsch wäre} 37... Qh4 $2 38. Rh1 $18) (37... Rd8 $16 {ist wohl besser.}) 38. Rh1 Rf7 {[#]} 39. Kxg3 $2 ({Lieber} 39. Rh4 $3 $18 {[%mdl 512]}) 39... Rc7 $1 $132 {[%cal Rc7d7][%mdl 2048] Schwarz is fighting back} 40. Qd5 h5 $1 {[%cal Rc7d7]} 41. Qe6 Rcxd7 42. Rxd7 Qxd7 43. Qxd7 Rxd7 {[%mdl 4096] Endspiel KT-KT} 44. Rc1 {Droht Tc6 und aus.} Kf7 45. Rc6 Rd4 $1 {Die Stellung ist ausgeglichen.} 46. Rxb6 Rxa4 47. Kf4 Ra5 48. b4 g5+ 49. Kg3 Ra3 50. Rh6 g4 51. Rxh5 Rxf3+ 52. Kxg4 Rb3 53. Kf5 {Schwarz muss nun Th7+ beachten.} Rxb4 54. Rh7+ Ke8 55. Ra7 Rb5+ 56. e5 {Droht stark Kf6.} Rb6 57. e6 {Kf6 ist eine echte Drohung.} Rb1 58. Rxa6 Rf1+ {Precision: Weiß = 50%, Schwarz = 45%.} 1/2-1/2

[Event "9th LCC FIDE Open 2017"]
[Site "London"]
[Date "2017.12.07"]
[Round "7"]
[White "Zujev, Oleg"]
[Black "Iturrizaga Bonelli, Eduardo"]
[Result "1/2-1/2"]
[WhiteElo "2381"]
[BlackElo "2665"]
[Annotator "TA"]
[PlyCount "71"]
[EventDate "2017.??.??"]
[EventCountry "ENG"]
[SourceTitle "playchess.com"]
[Source "ChessBase"]
[SourceQuality "1"]

{[%evp 17,71,0,5,0,-2,-2,21,14,7,12,0,11,31,-3,-16,-3,-4,0,0,0,6,0,0,0,9,0,0,0,0,0,0,0,0,0,0,0,0,0,0,0,24,37,113,113,116,117,190,75,355,350,350,22,10,0,329,0]} 1. d4 Nf6 2. c4 e6 3. Nc3 Bb4 4. e3 O-O 5. Nge2 Re8 6. a3 Bf8 7. Ng3 d5 8. Be2 {E46: Nimzoindisch (Rubinstein-System)} b6 9. O-O (9. cxd5 exd5 10. b4 Bb7 11. O-O Nbd7 12. Qb3 c6 13. Bf3 a6 14. Rd1 b5 15. e4 Nb6 {0-1 (51) Gupta,A (2627)-Wei,Y (2725) Liaocheng 2017}) 9... Bb7 {LiveBook: 16 Partien} 10. Qc2 {Die Stellung ist ausgeglichen.} Nbd7 11. Rd1 c5 12. dxc5 bxc5 13. cxd5 exd5 14. Bf3 {[%cal Rc3d5]} Nb6 $146 ({Vorgänger:} 14... Ne5 15. Bxd5 Nxd5 {½-½ (39) Mohammad,N (2410)-Harsha,B (2394) Kankarbagh 2017}) 15. Nxd5 Bxd5 (15... Nfxd5 $5 16. e4 $8 Qe7 17. exd5 Rad8 $14) 16. Bxd5 Nbxd5 17. e4 Qa5 {Weiss muss nun ...Sb4! beachten.} 18. exd5 Re1+ 19. Nf1 {zielt auf b4! ab.} Rxd1 $1 20. Qxd1 Rd8 21. Ne3 Nxd5 22. Nxd5 Rxd5 {[%cal Rd5d1]} 23. Qe2 c4 {[%cal Bc5c4,Bc4c3][%mdl 32]} 24. Be3 $36 {[%mdl 2048] Weiss drückt.} c3 25. g3 h5 26. h4 Re5 27. Rc1 cxb2 28. Qxb2 Rb5 29. Qd4 a6 (29... Rd5 $14 30. Qc4 (30. Qxa7 Qxa7 31. Bxa7 Bxa3 $11) 30... Qd8) 30. Rc8 $16 Qxa3 31. Qd8 {Und Ld4 würde nun gewinnen.} Re5 {[#]} (31... Qb4 $16) 32. Kg2 (32. Bd4 $1 $18 {[%cal Rd4e5] und Weiss behält klar die Oberhand.} Rb5 33. Kg2) 32... Qb4 $2 {[%mdl 8192] [#]} (32... Rxe3 $16 33. fxe3 Qb2+ 34. Kg1 Qb4) 33. Bd2 $1 $18 {[%cal Rd2b4]} Qa3 34. Bc1 $2 ({Lieber} 34. Bc3 $18 Rb5 35. Qd7 (35. Qd4 Kh7 $18)) 34... Qb4 $11 {( -> ...Db7+)} 35. Bd2 $2 {[%mdl 8192]} (35. Kh2 $11) 35... Qa3 $1 $18 36. Bc1 $2 {Precision: Weiß = 55%, Schwarz = 48%.} (36. Bc3 $18 Rb5 37. Qd7 (37. Qd4 Kh7 $18)) 1/2-1/2

[Event "9th LCC FIDE Open 2017"]
[Site "London"]
[Date "2017.12.07"]
[Round "7"]
[White "Gumularz, Szymon"]
[Black "Elsness, Frode"]
[Result "1-0"]
[WhiteElo "2376"]
[BlackElo "2477"]
[Annotator "TA"]
[PlyCount "164"]
[EventDate "2017.??.??"]
[EventCountry "ENG"]
[SourceTitle "playchess.com"]
[Source "ChessBase"]
[SourceQuality "1"]

{[%evp 22,164,30,0,7,4,20,10,22,0,0,0,0,2,22,14,16,10,10,10,17,0,0,2,6,16,4,17,16,13,7,0,0,0,10,0,16,0,22,22,18,26,33,34,34,0,45,0,0,0,47,45,47,47,47,47,47,51,51,52,150,147,150,150,150,150,150,150,150,150,150,150,150,150,150,150,150,150,150,150,150,150,150,150,150,146,146,146,150,131,150,150,150,77,77,70,77,0,149,143,121,54,150,150,150,150,150,150,150,150,165,150,165,165,165,165,165,165,165,165,165,165,168,125,133,133,145,150,160,137,142,72,88,0,145,72,72,74,84,89,12845,12846,12847,12847,12848]} 1. d4 Nf6 2. c4 e6 3. Nc3 Bb4 4. e3 O-O 5. Bd3 c5 6. Nf3 d5 7. O-O dxc4 8. Bxc4 Nbd7 9. a3 Ba5 10. Qe2 a6 11. Bd3 Qe7 {E55: Nimzo-Indian: Rubinstein: Main Line: 7...dxc4 8 Bxc4 Nbd7} 12. Bd2 {LiveBook: 3 Games} e5 13. dxe5 Nxe5 {The position is equal.} 14. Nxe5 Qxe5 {[#]} 15. Rad1 $146 ({Predecessor:} 15. f4 Qe7 16. h3 Bxc3 17. Bxc3 Ne4 18. Qh5 Bd7 19. Qe5 Qxe5 20. Bxe5 {1-0 (66) Korobov,A (2605)-Almasi,Z (2663) Beijing 2008}) 15... Bg4 16. f3 Bc7 17. g3 Bh3 18. Rfe1 b5 19. e4 c4 20. Bc2 Rad8 21. Be3 Bc8 22. Qf2 Qe6 23. Ne2 {[%cal Bc3e2,Be2f4,Bf4d5,Bd5b6][%mdl 32]} Rxd1 24. Rxd1 Rd8 25. Rxd8+ Bxd8 26. Bd4 Bb7 27. Qe3 Nd7 28. Nf4 Qc6 29. Kg2 f6 30. b3 Ne5 31. Qc3 Bc7 32. Nd5 Bd6 33. Qa5 Qd7 34. Nb6 (34. Bxe5 $5 Bxe5 35. bxc4 $11) 34... Qe7 35. Qc3 {[%cal Rb3c4]} Nc6 36. Nd5 $36 {[%mdl 2048] White is pushing.} Qf8 37. bxc4 {c5 is the strong threat.} Nxd4 38. Qxd4 Bxa3 39. cxb5 axb5 40. Qd3 {Threatens to win with e5.} Bc6 {[#]} (40... Bxd5 $14 41. Qxd5+ (41. exd5 g6 $16) 41... Kh8 42. Qxb5 Qd8) 41. e5 $1 $16 {[%mdl 512]} Bxd5 (41... fxe5 42. Qxh7+) 42. Qxd5+ Kh8 43. exf6 gxf6 44. Qxb5 Qe7 45. Be4 Bd6 46. Qf5 Qg7 47. Bd5 Bf8 48. h4 Qe7 49. Kh3 Bh6 50. Be4 Bf8 51. Qc8 Qc5 52. Qd7 {[%csl Ge4][%cal Rd7h7]} Qe7 53. Qd3 Qe6+ 54. Bf5 Qe7 55. Qd5 Qc5 56. Qd7 {[%csl Gf5][%cal Rd7h7]} Qe7 57. Qc8 (57. Qc6 $142) 57... Qc5 58. Qe6 Qe5 59. Qd7 (59. h5 $142) 59... Qe7 $1 60. Qa4 Qe5 61. Qg4 (61. Bd3 $16) 61... Qe7 (61... Qb5 $14 62. Qh5 Bh6) 62. Bc2 Qg7 63. Qf5 Qe7 64. Bb1 Bh6 65. Ba2 Qf8 66. Qe6 Bg7 67. Kg4 Qb4+ 68. Bc4 {[%csl Gc4][%cal Re6g8]} Qf8 69. f4 Qd8 70. Bd5 Qb8 71. Kh5 Qd8 72. g4 {[%cal Bg3g4,Bg4g5][%mdl 32]} Qb8 73. g5 Qd8 74. Kg4 Qf8 75. Be4 Qd8 76. Bc2 (76. f5 $142 $1) 76... Qa8 77. Be4 ({White should play} 77. Qe2) 77... Qd8 {[#]} 78. Kf5 (78. f5 $142 $1) 78... fxg5 79. hxg5 Qg8 80. Qd7 {And now Bd5 would win.} h6 $2 {[%mdl 8192] [#]} (80... Bf8 $16 81. Kg4 Qg7) 81. Bd5 $1 $18 {[%cal Rd5g8]} Qf8+ 82. Kg6 {White wants to mate with Be6.} h5 {Precision: White = 62%, Black = 68%.} 1-0

[Event "9th LCC FIDE Open 2017"]
[Site "London"]
[Date "2017.12.07"]
[Round "7"]
[White "Jackson, James P"]
[Black "Abergel, Thal"]
[Result "1-0"]
[WhiteElo "2314"]
[BlackElo "2464"]
[Annotator "TA"]
[PlyCount "67"]
[EventDate "2017.??.??"]
[EventCountry "ENG"]
[SourceTitle "playchess.com"]
[Source "ChessBase"]
[SourceQuality "1"]

{[%evp 9,67,0,0,0,0,-14,0,0,111,80,80,77,108,125,323,338,345,359,424,436,432,402,420,391,427,423,388,351,388,329,902,885,903,913,903,910,890,881,1210,1206,1206,1191,1195,1186,1221,1219,1270,1231,1256,1216,1215,1191,1225,1189,1548,1108,29991,5593,29993,29994]} 1. e4 b6 2. d4 Bb7 3. Bd3 e6 4. Ne2 c5 5. d5 exd5 6. exd5 {B00: Queen's Fianchetto Defence, Nimzowitsch Defence} Bxd5 7. Nf4 Bb7 8. O-O {The position is equal.} Nf6 {[#]} (8... Be7 $11 {keeps the balance.}) 9. Nh5 $146 ({But not} 9. Re1+ $6 Be7 $11) ({Predecessor:} 9. Nc3 Be7 10. Bc4 O-O 11. Ncd5 Nc6 12. Re1 d6 {1-0 (73) Pert,N (2569)-McShane,L (2687) London 2015}) 9... Nxh5 10. Qxh5 Be7 11. Nc3 $36 {[%mdl 2048] aiming for Re1. White is really pushing.} d5 $2 (11... Nc6 $16 {keeps fighting.}) 12. Re1 $18 Kf8 13. Bf4 c4 {[#]} 14. Bxc4 $1 {[%mdl 512]} dxc4 15. Rad1 Nd7 16. Qf5 Nc5 {White must now prevent ...Qc8.} 17. Rxd8+ Rxd8 18. Rd1 Rxd1+ 19. Nxd1 g6 $2 (19... f6 20. Be3 Kf7 21. Bxc5 Bc8 22. Qd5+ Be6) 20. Qe5 {[%cal Re5h8]} f6 21. Qb8+ Kg7 {[#]} 22. Bh6+ $1 {[%mdl 512]} Kxh6 23. Qxh8 b5 24. Qe8 Bd6 25. Qd8 Ne4 26. f3 Bc5+ 27. Kf1 Bb6 28. Qf8+ Kg5 29. fxe4 Bxe4 30. Qd6 f5 31. Nc3 Ba8 32. Nd5 Kh6 33. Nxb6 (33. Qf8+ $142 Kh5 34. Nf6+ Kg5 35. g3 Bg2+ 36. Kxg2 f4 37. Nxh7+ Kh5 38. Qxf4 Bd8 39. g4+ Kh4 40. Qg3#) 33... Be4 34. Nd7 {Precision: White = 91%, Black = 25%.} 1-0